Countries by Social Mobility - Statistics

General Stats
  • This quiz has been taken 25 times
  • The average score is 13 of 15
Answer Stats
Score Answer % Correct
83.6 Finland
100%
83.6 Norway
100%
83.5 Sweden
100%
85.2 Denmark
95%
82.7 Iceland
95%
80.1 Austria
90%
78.8 Germany
90%
80.1 Belgium
86%
76.1 Canada
86%
79.8 Luxembourg
86%
82.4 Netherlands
86%
82.1 Switzerland
86%
76.7 France
81%
76.1 Japan
67%
76.4 Slovenia
52%
No matching quizzes found
Score Distribution
Percent of People with Each Score
Percentile by Number Answered
Your Score History
You have not taken this quiz